| 000 | 01110nam a22002415a 4500 | ||
|---|---|---|---|
| 003 | OSt | ||
| 005 | 20161102113055.0 | ||
| 008 | 161102s2015 ua frb 000 0 ara d | ||
| 040 |
_aEG-ScBUE _bara _cEG-ScBUE |
||
| 082 | 0 | 4 |
_a382.92 _bأ ب و _222 |
| 100 | 1 | _aأبو زيد، هشام أحمد. | |
| 245 | 1 | 2 |
_aالحماية الدولية لإتفاق التجارة في الخدمات وفقا لإتفاقات منظمة التجارة العالمية / _cهشام أحمد أبو زيد. |
| 260 |
_a[د. م. : _bد. ن.]، _c2015 _e(أسيوط : _fمؤسسة بداري للطباعة) |
||
| 300 |
_a485 ص. ؛ _c24 سم. |
||
| 500 | _aيشتمل على ملاحق. | ||
| 504 | _aيشتمل على إرجاعات ببليوجرافية. | ||
| 610 | 2 | 0 |
_aالاتفاقية العامة للتجارة والتعرفة الجمركية (منظمة) _2BUEsh |
| 650 | 0 |
_aالاتفاقية العامة للتجارة والتعرفة الجمركية _y1947. _2BUEsh |
|
| 650 | 0 |
_aالاتفاقيات الدولية. _2BUEsh _916817 |
|
| 651 | _2BUEsh | ||
| 653 |
_bLLAAWW _cNovember2016 |
||
| 942 | _2ddc | ||
| 999 |
_c22985 _d22957 |
||